[Event "Grand Swiss "]
[Date "2025.09.13"]
[White "Puranik, Abhimanyu"]
[Black "Sindarov, Javokhir"]
[WhiteElo "2640"]
[BlackElo "2722"]
[Round "8.8.13"]
[Result "1/2-1/2"]

1. Nf3 {[%clk 01:40:43] [%emt 00:00:16]} d5 {[%clk 01:38:49] [%emt 00:02:12]} 2.
g3 {[%clk 01:40:38] [%emt 00:00:35]} Nd7 {[%clk 01:38:44] [%emt 00:00:35]} 3. d4
{[%clk 01:40:03] [%emt 00:01:04]} Nb6 {[%clk 01:39:09] [%emt 00:00:06]} 4. Nbd2
{[%clk 01:36:34] [%emt 00:03:59]} c6 {[%clk 01:23:19] [%emt 00:16:21]} 5. e4
{[%clk 01:34:56] [%emt 00:02:07]} dxe4 {[%clk 01:23:29] [%emt 00:00:20]} 6. Nxe4
{[%clk 01:35:22] [%emt 00:00:04]} Nf6 {[%clk 01:23:31] [%emt 00:00:28]} 7. Nc5
{[%clk 01:28:44] [%emt 00:07:08]} e5 {[%clk 01:17:57] [%emt 00:06:04]} 8. Nxe5
{[%clk 01:20:55] [%emt 00:08:19]} Qd5 {[%clk 01:14:41] [%emt 00:03:46]} 9. Nf3
{[%clk 01:12:44] [%emt 00:08:41]} Bxc5 {[%clk 01:14:01] [%emt 00:01:11]} 10.
dxc5 {[%clk 01:13:06] [%emt 00:00:08]} Qxd1+ {[%clk 01:14:27] [%emt 00:00:04]}
11. Kxd1 {[%clk 01:13:33] [%emt 00:00:03]} Bg4 {[%clk 01:14:45] [%emt 00:00:12]}
12. Ke2 {[%clk 01:12:46] [%emt 00:01:16]} Na4 {[%clk 01:12:24] [%emt 00:02:52]}
13. h3 {[%clk 01:11:19]} Bh5 {[%clk 01:12:35] [%emt 00:02:16]} 14. Bg2 {[%clk
00:57:10]} O-O-O {[%clk 00:55:02] [%emt 00:32:41]} 15. Re1 {[%clk 00:55:27]} Nd5
{[%clk 00:55:16] [%emt 00:02:29]} 16. b3 {[%clk 00:48:12]} Nxc5 {[%clk 00:46:04]
[%emt 00:17:27]} 17. Kf1 {[%clk 00:46:15]} Nb4 {[%clk 00:45:41] [%emt 00:03:21]}
18. Ba3 {[%clk 00:39:32]} Nca6 {[%clk 00:45:23] [%emt 00:08:01]} 19. Rec1 {[%clk
00:35:09]} Rhe8 {[%clk 00:36:27] [%emt 00:14:19]} 20. c3 {[%clk 00:24:37]} Nd3
{[%clk 00:36:24] [%emt 00:11:35]} 21. Rd1 {[%clk 00:24:19]} Nac5 {[%clk
00:34:51] [%emt 00:02:52]} 22. g4 {[%clk 00:23:21]} Bg6 {[%clk 00:35:10] [%emt
00:01:38]} 23. Nh4 {[%clk 00:15:27]} Ne4 {[%clk 00:34:49] [%emt 00:09:16]} 24.
Nxg6 {[%clk 00:13:38]} hxg6 {[%clk 00:34:40] [%emt 00:02:58]} 25. Bxe4 {[%clk
00:14:01]} Rxe4 {[%clk 00:35:07] [%emt 00:00:10]} 26. Bf8 {[%clk 00:13:50]} Rf4
{[%clk 00:24:53] [%emt 00:11:25]} 27. Be7 {[%clk 00:14:17] [%emt 00:00:03]} Rd7
{[%clk 00:25:17] [%emt 00:00:07]} 28. Bh4 {[%clk 00:14:44] [%emt 00:00:03]} f5
{[%clk 00:25:09] [%emt 00:00:38]} 29. Bg3 {[%clk 00:07:15] [%emt 00:07:59]} Re4
{[%clk 00:25:32] [%emt 00:00:06]} 30. Rd2 {[%clk 00:07:36] [%emt 00:00:09]} Nc5
{[%clk 00:19:44] [%emt 00:06:20]} 31. Rxd7 {[%clk 00:07:58] [%emt 00:00:07]}
Kxd7 {[%clk 00:19:52] [%emt 00:00:23]} 32. Rd1+ {[%clk 00:08:21] [%emt
00:00:07]} Ke8 {[%clk 00:20:16] [%emt 00:00:04]} 33. f3 {[%clk 00:07:29] [%emt
00:01:23]} Re3 {[%clk 00:19:39] [%emt 00:01:06]} 34. Re1 {[%clk 00:07:13] [%emt
00:00:46]} Rxe1+ {[%clk 00:20:02] [%emt 00:00:07]} 35. Bxe1 {[%clk 00:05:52]
[%emt 00:01:51]} Ne6 {[%clk 00:20:18] [%emt 00:00:14]} 36. Bd2 {[%clk 00:06:10]
[%emt 00:00:12]} Kd7 {[%clk 00:20:42] [%emt 00:00:07]} 37. Ke2 {[%clk 00:06:23]
[%emt 00:00:16]} Kd6 {[%clk 00:21:03] [%emt 00:00:08]} 38. Ke3 {[%clk 00:05:00]
[%emt 00:01:53]} Ke5 {[%clk 00:18:09] [%emt 00:03:24]} 39. h4 {[%clk 00:04:29]
[%emt 00:01:02]} g5 {[%clk 00:05:00] [%emt 00:13:39]} 40. h5 {[%clk 00:04:55]
[%emt 00:00:04]} Kf6 {[%clk 00:05:21] [%emt 00:00:10]} 41. c4 {[%clk 00:02:54]
[%emt 00:02:31]} g6 {[%clk 00:05:32] [%emt 00:00:18]} 42. Bc3+ {[%clk 00:49:07]
[%emt 00:04:17]} Kf7 {[%clk 00:55:38] [%emt 00:00:24]} 43. hxg6+ {[%clk
00:48:17] [%emt 00:01:21]} Kxg6 {[%clk 00:54:53] [%emt 00:01:15]} 44. Be5 {[%clk
00:48:39] [%emt 00:00:07]} Nf8 {[%clk 00:53:45] [%emt 00:01:38]} 45. Bb8 {[%clk
00:47:11] [%emt 00:01:58]} a6 {[%clk 00:54:07] [%emt 00:00:09]} 46. Kd4 {[%clk
00:35:34] [%emt 00:12:06]} Nd7 {[%clk 00:53:52] [%emt 00:00:46]} 47. Bc7 {[%clk
00:34:23] [%emt 00:01:40]} fxg4 {[%clk 00:52:23] [%emt 00:01:59]} 48. fxg4
{[%clk 00:34:48] [%emt 00:00:05]} Kf6 {[%clk 00:52:50] [%emt 00:00:03]} 49. Bd8+
{[%clk 00:28:12] [%emt 00:07:07]} Ke6 {[%clk 00:53:11] [%emt 00:00:09]} 50. Bxg5
{[%clk 00:28:38] [%emt 00:00:03]} Ne5 {[%clk 00:53:36] [%emt 00:00:05]} 51. Kc5
{[%clk 00:28:54]} 1/2-1/2

[Site "Europe Echecs"]

[Event "Grand Swiss "]
[Date "2025.09.13"]
[White "Liang, Awonder"]
[Black "Salem, A.R. Saleh"]
[WhiteElo "2698"]
[BlackElo "2640"]
[Round "8.8.14"]
[Result "1-0"]

1. Nf3 {[%clk 01:40:59] [%emt 00:08:03]} c5 {[%clk 01:40:35] [%emt 00:00:25]} 2.
e3 {[%clk 01:41:21] [%emt 00:00:07]} d5 {[%clk 01:39:31] [%emt 00:01:34]} 3. d4
{[%clk 01:41:42] [%emt 00:00:09]} cxd4 {[%clk 01:39:08] [%emt 00:00:53]} 4. exd4
{[%clk 01:42:11] [%emt 00:00:02]} Nc6 {[%clk 01:39:04] [%emt 00:00:32]} 5. c4
{[%clk 01:35:29] [%emt 00:07:13]} Nf6 {[%clk 01:39:00] [%emt 00:00:34]} 6. Nc3
{[%clk 01:35:57] [%emt 00:00:02]} a6 {[%clk 01:38:05] [%emt 00:01:25]} 7. h3
{[%clk 01:35:59] [%emt 00:00:28]} g6 {[%clk 01:34:26] [%emt 00:04:08]} 8. c5
{[%clk 01:29:33] [%emt 00:06:57]} Ne4 {[%clk 01:26:05] [%emt 00:08:50]} 9. Qb3
{[%clk 01:22:42] [%emt 00:07:21]} e6 {[%clk 01:16:30] [%emt 00:10:04]} 10. Bf4
{[%clk 00:54:26] [%emt 00:28:46]} Bg7 {[%clk 01:15:38] [%emt 00:01:21]} 11. Rd1
{[%clk 00:53:29] [%emt 00:01:28]} O-O {[%clk 01:03:11] [%emt 00:12:57]} 12. Be2
{[%clk 00:52:41] [%emt 00:01:19]} f5 {[%clk 00:48:49] [%emt 00:14:52]} 13. O-O
{[%clk 00:51:02] [%emt 00:02:08]} Ra7 {[%clk 00:44:09] [%emt 00:05:10]} 14. Bh2
{[%clk 00:44:44] [%emt 00:06:49]} Ng5 {[%clk 00:35:46] [%emt 00:08:53]} 15. Bd6
{[%clk 00:43:50] [%emt 00:01:24]} Nxf3+ {[%clk 00:30:27] [%emt 00:05:49]} 16.
Bxf3 {[%clk 00:44:09] [%emt 00:00:11]} Nxd4 {[%clk 00:30:52] [%emt 00:00:05]}
17. Rxd4 {[%clk 00:44:19] [%emt 00:00:21]} Bxd4 {[%clk 00:31:20] [%emt
00:00:02]} 18. Nxd5 {[%clk 00:44:20] [%emt 00:00:29]} b5 {[%clk 00:14:31] [%emt
00:17:19]} 19. Rd1 {[%clk 00:38:23] [%emt 00:06:27]} Bg7 {[%clk 00:14:55] [%emt
00:00:06]} 20. Nb6 {[%clk 00:38:21] [%emt 00:00:32]} Qe8 {[%clk 00:10:50] [%emt
00:04:34]} 21. c6 {[%clk 00:25:56] [%emt 00:12:55]} Rff7 {[%clk 00:10:57] [%emt
00:00:24]} 22. Bb8 {[%clk 00:23:51] [%emt 00:02:35]} Rae7 {[%clk 00:10:39] [%emt
00:00:48]} 23. Qc2 {[%clk 00:23:03] [%emt 00:01:18]} Rc7 {[%clk 00:06:11] [%emt
00:04:58]} 24. Bxc7 {[%clk 00:19:50] [%emt 00:03:44]} Rxc7 {[%clk 00:06:39]
[%emt 00:00:02]} 25. Na8 {[%clk 00:20:12] [%emt 00:00:07]} Rf7 {[%clk 00:07:06]
[%emt 00:00:03]} 26. c7 {[%clk 00:17:42] [%emt 00:03:00]} Bf6 {[%clk 00:07:34]
[%emt 00:00:01]} 27. Rd6 {[%clk 00:17:54] [%emt 00:00:19]} Kg7 {[%clk 00:07:16]
[%emt 00:00:49]} 28. Qd2 {[%clk 00:17:40] [%emt 00:00:43]} Qe7 {[%clk 00:06:35]
[%emt 00:01:11]} 29. Nb6 {[%clk 00:15:00] [%emt 00:03:10]} Qxc7 {[%clk 00:00:33]
[%emt 00:06:32]} 30. Rc6 {[%clk 00:15:25] [%emt 00:00:04]} Qe5 {[%clk 00:00:32]
[%emt 00:00:33]} 31. Nxc8 {[%clk 00:15:20] [%emt 00:00:34]} Qxb2 {[%clk
00:00:31] [%emt 00:00:31]} 32. Qxb2 {[%clk 00:15:41] [%emt 00:00:09]} Bxb2
{[%clk 00:01:00] [%emt 00:00:01]} 33. Rxe6 {[%clk 00:13:03] [%emt 00:03:07]} Rc7
{[%clk 00:00:36] [%emt 00:00:54]} 34. Re7+ {[%clk 00:12:16] [%emt 00:01:17]}
Rxe7 {[%clk 00:01:04] [%emt 00:00:02]} 35. Nxe7 {[%clk 00:12:42] [%emt
00:00:04]} Kf6 {[%clk 00:00:50] [%emt 00:00:44]} 36. Nc6 {[%clk 00:12:06] [%emt
00:01:06]} Ba3 {[%clk 00:00:55] [%emt 00:00:25]} 37. Bd5 {[%clk 00:12:18] [%emt
00:00:18]} Bc5 {[%clk 00:00:58] [%emt 00:00:27]} 38. Kf1 {[%clk 00:12:43] [%emt
00:00:05]} g5 {[%clk 00:01:13] [%emt 00:00:15]} 39. g4 {[%clk 00:12:43] [%emt
00:00:30]} fxg4 {[%clk 00:00:37] [%emt 00:01:06]} 40. hxg4 {[%clk 00:13:09]
[%emt 00:00:05]} Bd6 {[%clk 00:00:31] [%emt 00:00:36]} 41. Ke2 {[%clk 00:13:32]
[%emt 00:00:06]} Bc7 {[%clk 00:00:45] [%emt 00:00:16]} 42. Kd3 {[%clk 00:13:57]
[%emt 00:00:05]} h6 {[%clk 00:00:56] [%emt 00:00:19]} 43. f3 {[%clk 00:14:22]
[%emt 00:00:05]} a5 {[%clk 00:00:40] [%emt 00:00:47]} 44. Nd4 {[%clk 00:14:11]
[%emt 00:00:41]} b4 {[%clk 00:01:04] [%emt 00:00:06]} 45. Nc6 {[%clk 00:14:36]
[%emt 00:00:05]} 1-0

[Site "Europe Echecs"]

[Event "Grand Swiss "]
[Date "2025.09.13"]
[White "Bartel, Mateusz"]
[Black "Sevian, Samuel"]
[WhiteElo "2581"]
[BlackElo "2692"]
[Round "8.8.15"]
[Result "0-1"]

1. e4 {[%clk 01:40:56] [%emt 00:00:02]} e6 {[%clk 01:40:53] [%emt 00:00:08]} 2.
d4 {[%clk 01:41:20] [%emt 00:00:06]} d5 {[%clk 01:41:18] [%emt 00:00:05]} 3. e5
{[%clk 01:41:43] [%emt 00:00:06]} c5 {[%clk 01:41:38] [%emt 00:00:10]} 4. c3
{[%clk 01:42:05] [%emt 00:00:08]} Nc6 {[%clk 01:41:59] [%emt 00:00:09]} 5. Nf3
{[%clk 01:42:28] [%emt 00:00:07]} Nge7 {[%clk 01:42:12] [%emt 00:00:17]} 6. h4
{[%clk 01:41:57] [%emt 00:01:01]} cxd4 {[%clk 01:31:37] [%emt 00:11:05]} 7. cxd4
{[%clk 01:41:32] [%emt 00:00:54]} Qb6 {[%clk 01:31:48] [%emt 00:00:20]} 8. Nc3
{[%clk 01:27:05] [%emt 00:14:57]} Nf5 {[%clk 01:29:06] [%emt 00:03:12]} 9. Na4
{[%clk 01:27:08] [%emt 00:00:27]} Qa5+ {[%clk 01:28:40] [%emt 00:00:57]} 10. Bd2
{[%clk 01:27:10] [%emt 00:00:27]} Qd8 {[%clk 01:21:46] [%emt 00:07:24]} 11. Bc3
{[%clk 01:20:12] [%emt 00:07:28]} Rb8 {[%clk 01:10:46] [%emt 00:11:32]} 12. g4
{[%clk 00:56:08] [%emt 00:24:33]} Nh6 {[%clk 01:08:17] [%emt 00:03:00]} 13. Rg1
{[%clk 00:56:35] [%emt 00:00:02]} b5 {[%clk 01:06:11] [%emt 00:02:36]} 14. Nc5
{[%clk 00:56:57] [%emt 00:00:08]} b4 {[%clk 01:05:56] [%emt 00:00:46]} 15. Bd2
{[%clk 00:55:11] [%emt 00:02:15]} Nxd4 {[%clk 00:50:50] [%emt 00:15:36]} 16.
Nxd4 {[%clk 00:49:03] [%emt 00:06:37]} Bxc5 {[%clk 00:50:09] [%emt 00:01:12]}
17. Be3 {[%clk 00:49:32] [%emt 00:00:01]} Bd7 {[%clk 00:38:02] [%emt 00:12:38]}
18. Nxe6 {[%clk 00:46:46] [%emt 00:03:15]} fxe6 {[%clk 00:37:28] [%emt
00:01:05]} 19. Bxc5 {[%clk 00:47:12] [%emt 00:00:02]} Nf7 {[%clk 00:37:39] [%emt
00:00:20]} 20. Qd4 {[%clk 00:44:54] [%emt 00:02:48]} Rc8 {[%clk 00:28:48] [%emt
00:09:21]} 21. Bxb4 {[%clk 00:41:40] [%emt 00:03:44]} a5 {[%clk 00:26:52] [%emt
00:02:27]} 22. Bc3 {[%clk 00:37:48] [%emt 00:04:22]} Qxh4 {[%clk 00:27:13] [%emt
00:00:09]} 23. O-O-O {[%clk 00:30:28] [%emt 00:07:50]} Ng5 {[%clk 00:25:00]
[%emt 00:02:44]} 24. Bg2 {[%clk 00:30:22] [%emt 00:00:36]} O-O {[%clk 00:18:51]
[%emt 00:06:39]} 25. f4 {[%clk 00:29:20] [%emt 00:01:32]} Rc4 {[%clk 00:18:54]
[%emt 00:00:28]} 26. Qa7 {[%clk 00:29:48] [%emt 00:00:01]} Ba4 {[%clk 00:17:03]
[%emt 00:02:21]} 27. fxg5 {[%clk 00:09:37] [%emt 00:20:40]} Qxg5+ {[%clk
00:17:05] [%emt 00:00:29]} 28. Kb1 {[%clk 00:09:31] [%emt 00:00:36]} Qg6+ {[%clk
00:17:11] [%emt 00:00:24]} 29. Ka1 {[%clk 00:09:54] [%emt 00:00:06]} Bxd1 {[%clk
00:17:38] [%emt 00:00:04]} 0-1

[Site "Europe Echecs"]

[Event "Grand Swiss "]
[Date "2025.09.13"]
[White "Chigaev, Maksim"]
[Black "Dubov, Daniil"]
[WhiteElo "2638"]
[BlackElo "2691"]
[Round "8.8.16"]
[Result "1/2-1/2"]

1. e4 {[%clk 01:40:49] [%emt 00:00:08]} c5 {[%clk 01:40:39] [%emt 00:00:22]} 2.
Nf3 {[%clk 01:41:10] [%emt 00:00:09]} Nc6 {[%clk 01:41:04] [%emt 00:00:06]} 3.
Bb5 {[%clk 01:41:21] [%emt 00:00:18]} e6 {[%clk 01:41:27] [%emt 00:00:07]} 4.
Bxc6 {[%clk 01:39:55] [%emt 00:01:56]} bxc6 {[%clk 01:41:53] [%emt 00:00:05]} 5.
b3 {[%clk 01:39:59] [%emt 00:00:25]} Ne7 {[%clk 01:42:16] [%emt 00:00:07]} 6.
Bb2 {[%clk 01:39:18] [%emt 00:01:11]} d6 {[%clk 01:42:34] [%emt 00:00:12]} 7. d3
{[%clk 01:37:41] [%emt 00:02:06]} e5 {[%clk 01:42:25] [%emt 00:00:40]} 8. Nbd2
{[%clk 01:37:11] [%emt 00:01:00]} Ng6 {[%clk 01:42:15] [%emt 00:00:40]} 9. Qe2
{[%clk 01:37:15] [%emt 00:00:24]} Be7 {[%clk 01:41:27] [%emt 00:01:19]} 10.
O-O-O {[%clk 01:28:32] [%emt 00:09:13]} a5 {[%clk 01:40:50] [%emt 00:01:08]} 11.
a4 {[%clk 01:28:54] [%emt 00:00:09]} Nf4 {[%clk 01:38:49] [%emt 00:02:32]} 12.
Qf1 {[%clk 01:29:16] [%emt 00:00:07]} O-O {[%clk 01:39:12] [%emt 00:00:07]} 13.
g3 {[%clk 01:24:58] [%emt 00:04:47]} Bh3 {[%clk 01:38:08] [%emt 00:01:34]} 14.
Qe1 {[%clk 01:25:03] [%emt 00:00:25]} Ne6 {[%clk 01:38:16] [%emt 00:00:23]} 15.
Kb1 {[%clk 01:24:14] [%emt 00:01:18]} f5 {[%clk 01:22:42] [%emt 00:16:04]} 16.
exf5 {[%clk 01:21:15] [%emt 00:03:29]} Bxf5 {[%clk 01:11:31] [%emt 00:11:42]}
17. h3 {[%clk 01:17:43] [%emt 00:04:01]} Bg6 {[%clk 01:10:13] [%emt 00:01:48]}
18. Qe3 {[%clk 01:15:04] [%emt 00:03:09]} Nc7 {[%clk 01:05:41] [%emt 00:05:03]}
19. Rdg1 {[%clk 01:02:15] [%emt 00:13:18]} Nd5 {[%clk 01:04:52] [%emt 00:01:19]}
20. Qe2 {[%clk 01:01:14] [%emt 00:01:30]} Rb8 {[%clk 01:04:08] [%emt 00:01:16]}
21. h4 {[%clk 00:56:08] [%emt 00:05:35]} Qe8 {[%clk 00:58:07] [%emt 00:06:32]}
22. Ng5 {[%clk 00:48:44] [%emt 00:07:53]} Bh5 {[%clk 00:51:49] [%emt 00:06:48]}
23. Qe1 {[%clk 00:47:41] [%emt 00:01:32]} Bg6 {[%clk 00:47:09] [%emt 00:05:11]}
24. Qe2 {[%clk 00:38:39] [%emt 00:09:33]} Bh5 {[%clk 00:46:01] [%emt 00:01:39]}
25. Qe1 {[%clk 00:39:02] [%emt 00:00:06]} Bg6 {[%clk 00:45:45] [%emt 00:00:46]}
26. Qe2 {[%clk 00:39:24] [%emt 00:00:08]} Bh5 {[%clk 00:44:54] [%emt 00:01:21]}
27. Qe1 {[%clk 00:39:46] [%emt 00:00:08]} Bg6 {[%clk 00:45:21] [%emt 00:00:03]}
28. Qe2 {[%clk 00:40:10] [%emt 00:00:06]} Bh5 {[%clk 00:45:49] [%emt 00:00:03]}
29. Qe1 {[%clk 00:40:34] [%emt 00:00:06]} Bg6 {[%clk 00:46:16] [%emt 00:00:03]}
30. Qe2 {[%clk 00:40:58] [%emt 00:00:06]} 1/2-1/2

[Site "Europe Echecs"]

[Event "Grand Swiss "]
[Date "2025.09.13"]
[White "Esipenko, Andrey"]
[Black "Gurel, Ediz"]
[WhiteElo "2687"]
[BlackElo "2631"]
[Round "8.8.17"]
[Result "1/2-1/2"]

1. e4 {[%clk 01:40:53] [%emt 00:00:06]} c6 {[%clk 01:40:51] [%emt 00:00:10]} 2.
d4 {[%clk 01:35:44] [%emt 00:05:39]} d5 {[%clk 01:41:13] [%emt 00:00:08]} 3. e5
{[%clk 01:36:08] [%emt 00:00:06]} Bf5 {[%clk 01:41:30] [%emt 00:00:12]} 4. Nd2
{[%clk 01:35:21] [%emt 00:01:17]} e6 {[%clk 01:41:37] [%emt 00:00:24]} 5. Nb3
{[%clk 01:35:47] [%emt 00:00:05]} c5 {[%clk 01:40:48] [%emt 00:01:19]} 6. Bb5+
{[%clk 01:33:31] [%emt 00:02:46]} Nc6 {[%clk 01:37:57] [%emt 00:03:20]} 7. dxc5
{[%clk 01:33:46] [%emt 00:00:15]} Bxc5 {[%clk 01:37:08] [%emt 00:01:19]} 8.
Bxc6+ {[%clk 01:34:01] [%emt 00:00:15]} bxc6 {[%clk 01:37:33] [%emt 00:00:05]}
9. Nxc5 {[%clk 01:34:24] [%emt 00:00:07]} Qa5+ {[%clk 01:37:59] [%emt 00:00:04]}
10. c3 {[%clk 01:34:36] [%emt 00:00:18]} Qxc5 {[%clk 01:38:24] [%emt 00:00:05]}
11. Ne2 {[%clk 01:32:49] [%emt 00:02:17]} Ne7 {[%clk 01:32:12] [%emt 00:06:43]}
12. Be3 {[%clk 00:50:45] [%emt 00:42:34]} Qc4 {[%clk 01:24:14] [%emt 00:08:28]}
13. Qd4 {[%clk 00:43:11] [%emt 00:08:03]} Qa6 {[%clk 01:22:51] [%emt 00:01:54]}
14. f3 {[%clk 00:37:29] [%emt 00:06:11]} O-O {[%clk 01:10:50] [%emt 00:12:32]}
15. g4 {[%clk 00:33:50] [%emt 00:04:09]} Bg6 {[%clk 01:10:46] [%emt 00:00:34]}
16. Qc5 {[%clk 00:30:14] [%emt 00:04:05]} Qb7 {[%clk 01:02:56] [%emt 00:08:21]}
17. b3 {[%clk 00:25:00] [%emt 00:05:44]} f6 {[%clk 00:58:14] [%emt 00:05:13]}
18. exf6 {[%clk 00:22:55] [%emt 00:02:35]} Rxf6 {[%clk 00:57:59] [%emt
00:00:44]} 19. Bg5 {[%clk 00:20:12] [%emt 00:03:13]} Rf7 {[%clk 00:58:20] [%emt
00:00:09]} 20. O-O-O {[%clk 00:19:59] [%emt 00:00:43]} e5 {[%clk 00:48:54] [%emt
00:09:57]} 21. Rhe1 {[%clk 00:18:27] [%emt 00:02:02]} Re8 {[%clk 00:46:32] [%emt
00:02:52]} 22. Ng3 {[%clk 00:14:53] [%emt 00:04:03]} h6 {[%clk 00:44:17] [%emt
00:02:45]} 23. Bd2 {[%clk 00:14:18] [%emt 00:01:05]} Qa6 {[%clk 00:39:53] [%emt
00:04:55]} 24. Kb2 {[%clk 00:13:46] [%emt 00:01:02]} Qd3 {[%clk 00:39:54] [%emt
00:00:29]} 25. Qe3 {[%clk 00:12:00] [%emt 00:02:16]} Qc2+ {[%clk 00:35:54] [%emt
00:04:30]} 26. Ka3 {[%clk 00:10:53] [%emt 00:01:37]} d4 {[%clk 00:32:18] [%emt
00:04:06]} 27. Qxe5 {[%clk 00:10:36] [%emt 00:00:47]} Rxf3 {[%clk 00:26:10]
[%emt 00:06:39]} 28. Ne2 {[%clk 00:04:53] [%emt 00:06:13]} c5 {[%clk 00:14:15]
[%emt 00:12:26]} 29. Qxc5 {[%clk 00:04:49] [%emt 00:00:33]} Rf6 {[%clk 00:14:39]
[%emt 00:00:05]} 30. Qc4+ {[%clk 00:04:11] [%emt 00:01:08]} Bf7 {[%clk 00:15:04]
[%emt 00:00:06]} 31. Qa4 {[%clk 00:04:00] [%emt 00:00:41]} Nc6 {[%clk 00:13:48]
[%emt 00:01:44]} 32. Nxd4 {[%clk 00:00:48] [%emt 00:03:43]} Nxd4 {[%clk
00:14:11] [%emt 00:00:08]} 33. Rxe8+ {[%clk 00:01:10] [%emt 00:00:08]} Bxe8
{[%clk 00:14:02] [%emt 00:00:39]} 34. Qxe8+ {[%clk 00:01:39] [%emt 00:00:02]}
Kh7 {[%clk 00:13:44] [%emt 00:00:48]} 35. cxd4 {[%clk 00:00:54] [%emt 00:01:15]}
Ra6+ {[%clk 00:11:50] [%emt 00:02:24]} 36. Kb4 {[%clk 00:01:22] [%emt 00:00:02]}
Rb6+ {[%clk 00:12:09] [%emt 00:00:10]} 37. Ka3 {[%clk 00:00:47] [%emt 00:01:06]}
Ra6+ {[%clk 00:10:20] [%emt 00:02:19]} 38. Ba5 {[%clk 00:00:40] [%emt 00:00:37]}
Rxa5+ {[%clk 00:09:28] [%emt 00:01:22]} 39. Kb4 {[%clk 00:01:09] [%emt
00:00:01]} Rxa2 {[%clk 00:09:41] [%emt 00:00:17]} 40. Qe6 {[%clk 00:00:44] [%emt
00:00:55]} Qxd1 {[%clk 00:06:08] [%emt 00:04:03]} 41. Qe4+ {[%clk 00:01:06]
[%emt 00:00:07]} 1/2-1/2

[Site "Europe Echecs"]